Il rinascimento giuridico in Francia: Diritto, política e storia. Atti del Convegno internazionale di studi

Guardat en:
Dades bibliogràfiques
Autor principal: Rossi, Giovanni (Autor)
Format: Llibre
Idioma:italià
Publicat: Roma Viella 2008
Edició:1a. ed
Col·lecció:I Libri di Viella, 84
Matèries:
Etiquetes: Afegir etiqueta
Sense etiquetes, Sigues el primer a etiquetar aquest registre!

MARC

LEADER 00000cam a2200000 a 4500
001 UCE5658
003 CL-VaPUC
005 20210610001623.0
008 150305e20080000it 1 ita d
020 |a 9788883343452 
082 0 4 |a 346.44  |b ROS  |2 21 
100 1 |a Rossi, Giovanni  |e author  |9 622115 
245 1 3 |a Il rinascimento giuridico in Francia: Diritto, política e storia. Atti del Convegno internazionale di studi 
250 |a 1a. ed 
260 |a Roma  |b Viella  |c 2008 
300 |a 333 p 
490 0 |a I Libri di Viella, 84 
583 |a last modification  |c 20150305 12:52:00  |k Rodrigo Vera 
650 0 0 |a Derecho francés  |9 385145 
650 0 7 |a HISTORIA DEL DERECHO FRANCES  |2 CL-VaPUC  |9 401046 
650 0 0 |a Derecho civil  |9 255013 
942 |c BK 
945 |a dcastane  |d 20150305 12:52:00 
546 |a En Italiano 
536 |a Facolta di Giurisprudenza dell'Universita di Verona 
518 |p Il rinascimento giuridico in Francia: Diritto, política e storia. Atti del Convegno internazionale di studi, Verona, 29 giugno - 1 luglio 2006 
999 |c 384794  |d 384792 
952 |0 0  |1 0  |3 erb  |4 0  |6 346_440000000000000_ROS_2008  |7 0  |8 DER_HIS  |9 507763  |a BIBDER  |b BIBDER  |i 5136709  |o 346.44 ROS 2008  |p 5136709  |r 2023-01-25  |w 2020-01-23  |x Ubicación 4to Piso  |y BK  |z Estos recursos deben solicitarse con anticipación  |k DER